20 Most Famous Cities in Slovenia on a Map - Statistics

General Stats
  • This quiz has been taken 96 times
  • The average score is 12 of 20
Answers on the Map
Answers color-coded by a green-red scale on the quiz's map according to % correct below.
 
Answer Stats
Wiki Monthly Views Cityquiz Mention Rate Population Answers % Correct
135.70K 33.36% 284.29K Ljubljana
99%
42.57K 9.49% 96.30K Maribor
91%
13.28K 2.52% 37.12K Celje
76%
24.38K 3.33% 25.91K Koper
76%
9.91K 1.24% 37.60K Kranj
69%
16.85K 2.76% 5.24K Bled
63%
9.44K 1.09% 17.88K Ptuj
61%
21.87K 1.69% 23.98K Novo Mesto
60%
7.44K 0.74% 11.65K Izola
56%
17.36K 0.95% 3.80K Piran
56%
4.59K 0.54% 13.61K Jesenice
55%
10.83K 0.85% 12.89K Nova Gorica
55%
5.25K 0.66% 25.40K Velenje
55%
5.96K 0.98% 10.97K Murska Sobota
54%
9.56K 0.70% 3.11K Portorož
48%
6.17K 0.59% 9.80K Postojna
48%
7.85K 0.36% 3.28K Kranjska Gora
44%
5.40K 0.24% 11.74K Škofja Loka
43%
10.21K 0.21% 1.04K Kobarid
34%
7.56K 0.10% 4.55K Sevnica
21%
No matching quizzes found
Score Distribution
Percent of People with Each Score
Percentile by Number Answered
Your Score History
You have not taken this quiz